[Event "World Youth & Cadets Blitz Championships"]
[Site "Rhodes, Greece"]
[Date "2022.05.03"]
[Round "2.42"]
[White "Alessi, Clio"]
[Black "Bryant, Amelie"]
[Result "1-0"]
[TimeControl "5'/game & 2\"/move"]
[WhiteElo "1429"]
[BlackElo "1153"]

1. e4 {[%clk 00:05:02]} {[%emt 00:00:01]} e5 {[%clk 00:05:03]} {[%emt
00:00:01]} 2. Nf3 {[%clk 00:05:04]} {[%emt 00:00:01]} Nc6 {[%clk 00:05:04]}
{[%emt 00:00:01]} 3. Bc4 {[%clk 00:05:05]} Nf6 {[%emt 00:00:04]} 4. Ng5 {[%emt
00:00:01]} d5 {[%clk 00:04:56]} {[%emt 00:00:05]} 5. exd5 {[%clk 00:05:06]}
{[%emt 00:00:01]} Na5 {[%clk 00:04:55]} {[%emt 00:00:03]} 6. Bb5+ {[%clk
00:05:07]} {[%emt 00:00:01]} Bd7 {[%clk 00:04:52]} {[%emt 00:00:04]} 7. Bxd7+
{[%clk 00:05:08]} Qxd7 {[%clk 00:04:51]} {[%emt 00:00:03]} 8. O-O {[%clk
00:05:04]} {[%emt 00:00:07]} Nxd5 {[%clk 00:04:50]} {[%emt 00:00:02]} 9. Re1
{[%clk 00:05:03]} {[%emt 00:00:04]} Bd6 {[%clk 00:04:50]} 10. d4 {[%clk
00:05:01]} {[%emt 00:00:04]} O-O {[%clk 00:04:41]} {[%emt 00:00:11]} 11. dxe5
{[%emt 00:00:04]} Bc5 {[%clk 00:04:37]} {[%emt 00:00:04]} 12. c4 {[%clk
00:04:39]} {[%emt 00:00:18]} Nb6 {[%clk 00:04:38]} {[%emt 00:00:07]} 13. Qxd7
{[%clk 00:04:39]} {[%emt 00:00:03]} Nxd7 {[%clk 00:04:38]} {[%emt 00:00:02]} 14.
e6 {[%clk 00:04:19]} {[%emt 00:00:21]} fxe6 {[%clk 00:04:20]} {[%emt 00:00:19]}
15. Be3 {[%clk 00:04:10]} {[%emt 00:00:12]} Bxe3 {[%clk 00:04:17]} {[%emt
00:00:05]} 16. Rxe3 {[%clk 00:04:10]} {[%emt 00:00:02]} Nc5 {[%clk 00:03:46]}
{[%emt 00:00:31]} 17. Nxe6 {[%clk 00:03:53]} {[%emt 00:00:22]} Nxe6 {[%clk
00:03:45]} {[%emt 00:00:03]} 18. Rxe6 {[%clk 00:03:54]} Rad8 {[%clk 00:03:45]}
{[%emt 00:00:01]} 19. Na3 {[%clk 00:03:49]} {[%emt 00:00:07]} Rf7 {[%clk
00:03:41]} {[%emt 00:00:06]} 20. Rae1 {[%clk 00:03:45]} {[%emt 00:00:06]} Rfd7
{[%clk 00:03:29]} {[%emt 00:00:15]} 21. h3 {[%clk 00:03:40]} {[%emt 00:00:06]}
Rd1 {[%clk 00:03:27]} {[%emt 00:00:04]} 22. Rxd1 {[%clk 00:03:38]} {[%emt
00:00:05]} Rxd1+ {[%clk 00:03:27]} {[%emt 00:00:01]} 23. Kh2 {[%clk 00:03:39]}
Kf7 {[%clk 00:03:26]} {[%emt 00:00:03]} 24. Re2 {[%clk 00:03:32]} {[%emt
00:00:08]} Ra1 {[%clk 00:03:22]} {[%emt 00:00:07]} 25. b4 {[%clk 00:03:23]}
{[%emt 00:00:12]} Nb3 {[%clk 00:03:17]} {[%emt 00:00:06]} 26. Nb5 {[%clk
00:03:11]} {[%emt 00:00:13]} c6 {[%clk 00:02:53]} {[%emt 00:00:27]} 27. Nxa7
{[%clk 00:03:06]} {[%emt 00:00:07]} Nc1 {[%clk 00:02:49]} {[%emt 00:00:07]} 28.
Rd2 {[%clk 00:03:01]} {[%emt 00:00:06]} Rxa2 {[%clk 00:02:37]} {[%emt
00:00:14]} 29. Rxa2 {[%clk 00:02:59]} {[%emt 00:00:05]} Nxa2 {[%clk 00:02:37]}
{[%emt 00:00:01]} 30. b5 {[%clk 00:02:56]} {[%emt 00:00:05]} cxb5 {[%clk
00:02:32]} {[%emt 00:00:07]} 31. Nxb5 {[%clk 00:02:56]} {[%emt 00:00:02]} Ke7
{[%clk 00:02:25]} {[%emt 00:00:09]} 32. Kg3 {[%clk 00:02:56]} {[%emt 00:00:03]}
Nb4 {[%clk 00:02:25]} {[%emt 00:00:01]} 33. Kf3 {[%clk 00:02:51]} {[%emt
00:00:07]} Kf6 {[%emt 00:00:04]} 34. Nd6 {[%clk 00:02:42]} {[%emt 00:00:10]} b6
{[%clk 00:02:07]} {[%emt 00:00:20]} 35. Nc8 {[%clk 00:02:39]} {[%emt 00:00:05]}
Nd3 {[%clk 00:02:04]} {[%emt 00:00:05]} 36. Nxb6 {[%clk 00:02:36]} {[%emt
00:00:04]} Ne5+ {[%emt 00:00:03]} 37. Ke3 {[%clk 00:02:34]} {[%emt 00:00:01]}
Ke6 {[%clk 00:02:04]} {[%emt 00:00:04]} 38. f4 {[%clk 00:02:32]} {[%emt
00:00:04]} Nc6 {[%clk 00:02:03]} {[%emt 00:00:03]} 39. Ke4 {[%clk 00:02:27]}
{[%emt 00:00:07]} g6 {[%clk 00:01:53]} {[%emt 00:00:12]} 40. g4 {[%clk
00:02:24]} {[%emt 00:00:05]} Ne7 {[%clk 00:01:49]} {[%emt 00:00:06]} 41. Nd5
{[%clk 00:02:16]} {[%emt 00:00:10]} h5 {[%clk 00:01:32]} {[%emt 00:00:19]} 42.
Nxe7 {[%clk 00:02:14]} {[%emt 00:00:06]} 1-0

[Event "World Youth & Cadets Blitz Championships"]
[Site "Rhodes, Greece"]
[Date "2022.05.03"]
[Round "2.44"]
[White "Olariu-Chilut, Sofia"]
[Black "Gawerska, Karolina"]
[Result "0-1"]
[TimeControl "5'/game & 2\"/move"]
[WhiteElo "1149"]
[BlackElo "1035"]

1. e4 {[%clk 00:05:03]} c5 {[%clk 00:05:03]} {[%emt 00:00:01]} 2. d4 {[%clk
00:05:04]} cxd4 {[%clk 00:05:03]} {[%emt 00:00:02]} 3. c3 {[%clk 00:05:06]}
dxc3 {[%clk 00:05:04]} {[%emt 00:00:02]} 4. Nxc3 {[%clk 00:05:06]} Nc6 {[%clk
00:05:04]} {[%emt 00:00:02]} 5. Nf3 {[%clk 00:05:06]} {[%emt 00:00:02]} g6
{[%clk 00:05:04]} {[%emt 00:00:02]} 6. Bc4 {[%clk 00:05:07]} Bg7 {[%clk
00:05:05]} {[%emt 00:00:02]} 7. O-O {[%emt 00:00:08]} d6 8. Be3 {[%clk
00:05:01]} {[%emt 00:00:04]} Nf6 {[%clk 00:05:03]} {[%emt 00:00:04]} 9. Re1
{[%clk 00:04:58]} {[%emt 00:00:05]} O-O {[%clk 00:05:02]} {[%emt 00:00:04]} 10.
h3 {[%clk 00:04:47]} {[%emt 00:00:12]} a6 {[%clk 00:04:57]} {[%emt 00:00:07]}
11. Nd5 {[%clk 00:04:08]} {[%emt 00:00:41]} Nxd5 {[%clk 00:04:48]} {[%emt
00:00:11]} 12. exd5 {[%clk 00:04:09]} Ne5 {[%clk 00:04:47]} {[%emt 00:00:04]}
13. Nxe5 {[%clk 00:04:09]} {[%emt 00:00:02]} Bxe5 {[%clk 00:04:46]} {[%emt
00:00:02]} 14. Bd4 {[%clk 00:03:43]} {[%emt 00:00:29]} Bg7 {[%clk 00:04:43]}
{[%emt 00:00:05]} 15. Bxg7 {[%clk 00:03:42]} {[%emt 00:00:03]} Kxg7 {[%clk
00:04:42]} {[%emt 00:00:03]} 16. Qd4+ {[%clk 00:03:39]} {[%emt 00:00:04]} Kg8
{[%clk 00:04:42]} {[%emt 00:00:03]} 17. Re2 {[%clk 00:03:18]} {[%emt 00:00:22]}
Bf5 {[%clk 00:04:34]} {[%emt 00:00:10]} 18. Bd3 {[%clk 00:03:13]} {[%emt
00:00:07]} Bxd3 {[%clk 00:04:33]} {[%emt 00:00:04]} 19. Qxd3 {[%clk 00:03:14]}
{[%emt 00:00:01]} Re8 {[%clk 00:04:32]} {[%emt 00:00:03]} 20. Rae1 {[%clk
00:03:08]} {[%emt 00:00:07]} Qd7 {[%clk 00:04:17]} {[%emt 00:00:17]} 21. Qg3
{[%clk 00:02:48]} {[%emt 00:00:21]} Rac8 {[%clk 00:04:08]} {[%emt 00:00:11]} 22.
Qg4 {[%clk 00:02:27]} {[%emt 00:00:21]} Qxg4 {[%clk 00:04:04]} {[%emt
00:00:10]} 23. hxg4 {[%clk 00:02:27]} {[%emt 00:00:02]} Rc7 {[%clk 00:04:05]}
{[%emt 00:00:01]} 24. Re3 {[%clk 00:02:21]} {[%emt 00:00:07]} h6 {[%clk
00:03:58]} {[%emt 00:00:09]} 25. Rh3 {[%clk 00:02:20]} {[%emt 00:00:03]} Kg7
{[%clk 00:03:57]} {[%emt 00:00:03]} 26. b3 {[%clk 00:02:13]} {[%emt 00:00:09]}
Rc2 {[%clk 00:03:55]} {[%emt 00:00:04]} 27. a4 {[%clk 00:02:12]} {[%emt
00:00:04]} a5 {[%clk 00:03:52]} {[%emt 00:00:05]} 28. Rg3 {[%clk 00:02:00]}
{[%emt 00:00:13]} b6 {[%clk 00:03:51]} {[%emt 00:00:04]} 29. Rge3 {[%clk
00:01:51]} {[%emt 00:00:10]} Rc7 {[%clk 00:03:49]} {[%emt 00:00:04]} 30. R3e2
{[%clk 00:01:27]} {[%emt 00:00:27]} Rd7 {[%clk 00:03:42]} {[%emt 00:00:09]} 31.
Rd2 {[%clk 00:01:22]} {[%emt 00:00:06]} Rc7 {[%clk 00:03:36]} {[%emt 00:00:08]}
32. Rb2 {[%clk 00:01:14]} {[%emt 00:00:09]} Rc5 {[%clk 00:03:28]} {[%emt
00:00:10]} 33. Rd1 {[%clk 00:01:03]} {[%emt 00:00:09]} Rec8 {[%clk 00:03:13]}
{[%emt 00:00:21]} 34. Re2 {[%clk 00:00:49]} {[%emt 00:00:16]} Re8 {[%clk
00:03:07]} {[%emt 00:00:08]} 35. Re4 {[%clk 00:00:33]} {[%emt 00:00:18]} Rc3
{[%clk 00:02:56]} {[%emt 00:00:14]} 36. Rb1 {[%clk 00:00:22]} {[%emt 00:00:12]}
Rd3 {[%clk 00:02:56]} {[%emt 00:00:02]} 0-1

[Event "World Youth & Cadets Blitz Championships"]
[Site "Rhodes, Greece"]
[Date "2022.05.03"]
[Round "3.1"]
[White "Morgunov, Marc"]
[Black "Nogerbek, Kazybek"]
[Result "0-1"]
[TimeControl "5'/game & 2\"/move"]
[WhiteElo "2240"]
[BlackElo "2441"]

1. e4 {[%clk 00:05:03]} {[%emt 00:00:01]} Nc6 {[%clk 00:05:03]} {[%emt
00:00:01]} 2. d4 {[%clk 00:05:00]} {[%emt 00:00:06]} d5 {[%clk 00:05:03]}
{[%emt 00:00:01]} 3. e5 {[%clk 00:04:56]} {[%emt 00:00:06]} Bf5 {[%clk
00:05:02]} {[%emt 00:00:02]} 4. f4 {[%emt 00:00:15]} e6 {[%clk 00:05:00]}
{[%emt 00:00:02]} 5. Nf3 {[%clk 00:04:46]} {[%emt 00:00:02]} Nge7 {[%clk
00:04:52]} {[%emt 00:00:10]} 6. Be3 {[%clk 00:04:41]} {[%emt 00:00:08]} Qd7
{[%clk 00:04:50]} {[%emt 00:00:03]} 7. Bd3 {[%clk 00:04:27]} {[%emt 00:00:16]}
h5 {[%clk 00:04:43]} {[%emt 00:00:08]} 8. Bf2 {[%clk 00:04:17]} {[%emt
00:00:12]} Bxd3 {[%clk 00:04:39]} {[%emt 00:00:07]} 9. Qxd3 {[%clk 00:04:18]}
{[%emt 00:00:02]} Nf5 {[%clk 00:04:39]} 10. b3 {[%clk 00:04:11]} {[%emt
00:00:09]} f6 {[%clk 00:04:27]} {[%emt 00:00:12]} 11. exf6 {[%clk 00:03:44]}
{[%emt 00:00:31]} gxf6 {[%clk 00:04:28]} {[%emt 00:00:01]} 12. Nh4 {[%clk
00:03:45]} {[%emt 00:00:02]} Nce7 {[%clk 00:03:19]} {[%emt 00:01:11]} 13. Nd2
{[%clk 00:03:38]} {[%emt 00:00:09]} Rg8 {[%clk 00:03:17]} {[%emt 00:00:03]} 14.
Ndf3 {[%clk 00:03:16]} {[%emt 00:00:24]} O-O-O {[%clk 00:03:16]} {[%emt
00:00:03]} 15. O-O-O {[%clk 00:03:16]} {[%emt 00:00:02]} Bh6 {[%clk 00:03:06]}
{[%emt 00:00:11]} 16. g3 {[%clk 00:03:08]} {[%emt 00:00:11]} Nd6 {[%clk
00:03:07]} {[%emt 00:00:01]} 17. Nd2 {[%clk 00:02:59]} {[%emt 00:00:11]} f5
{[%clk 00:02:55]} {[%emt 00:00:15]} 18. Qe2 {[%clk 00:02:47]} {[%emt 00:00:14]}
Ne4 {[%clk 00:02:45]} {[%emt 00:00:11]} 19. Nxe4 {[%clk 00:02:46]} {[%emt
00:00:04]} fxe4 {[%clk 00:02:46]} {[%emt 00:00:01]} 20. Qxh5 {[%clk 00:02:44]}
{[%emt 00:00:03]} Bg7 {[%clk 00:02:45]} 21. Be3 {[%clk 00:02:29]} {[%emt
00:00:19]} Bf6 {[%clk 00:02:40]} {[%emt 00:00:07]} 22. Ng2 {[%clk 00:02:15]}
{[%emt 00:00:17]} Qd6 {[%clk 00:02:36]} {[%emt 00:00:04]} 23. Kb1 {[%clk
00:02:06]} {[%emt 00:00:12]} Kb8 {[%clk 00:02:21]} {[%emt 00:00:17]} 24. Qe2
{[%clk 00:02:00]} {[%emt 00:00:09]} Nf5 {[%clk 00:01:57]} {[%emt 00:00:25]} 25.
Bf2 {[%clk 00:01:33]} {[%emt 00:00:29]} Qb4 {[%clk 00:01:43]} {[%emt 00:00:16]}
26. Qd2 {[%emt 00:00:17]} Qb6 {[%clk 00:01:43]} 27. c3 {[%clk 00:01:11]} {[%emt
00:00:11]} Rc8 {[%clk 00:01:40]} {[%emt 00:00:05]} 28. Ne3 {[%clk 00:01:11]}
{[%emt 00:00:03]} Nd6 {[%clk 00:01:33]} {[%emt 00:00:08]} 29. g4 {[%clk
00:00:59]} {[%emt 00:00:14]} Qa5 {[%clk 00:01:26]} {[%emt 00:00:09]} 30. c4
{[%clk 00:00:49]} {[%emt 00:00:13]} Qa6 {[%clk 00:01:05]} {[%emt 00:00:23]} 31.
c5 {[%clk 00:00:33]} {[%emt 00:00:18]} Nb5 {[%clk 00:00:58]} {[%emt 00:00:08]}
32. Qb2 {[%clk 00:00:34]} {[%emt 00:00:02]} b6 {[%clk 00:00:50]} {[%emt
00:00:09]} 33. a4 {[%clk 00:00:24]} {[%emt 00:00:12]} Nxd4 {[%clk 00:00:36]}
{[%emt 00:00:16]} 34. Rxd4 {[%clk 00:00:26]} bxc5 {[%clk 00:00:37]} {[%emt
00:00:02]} 35. Rb4+ {[%clk 00:00:27]} {[%emt 00:00:01]} cxb4 {[%clk 00:00:38]}
36. Qxf6 {[%clk 00:00:28]} Qd3+ {[%clk 00:00:37]} {[%emt 00:00:03]} 37. Ka2
{[%clk 00:00:28]} {[%emt 00:00:02]} d4 {[%clk 00:00:34]} {[%emt 00:00:05]} 38.
Nd1 {[%clk 00:00:05]} {[%emt 00:00:25]} e3 {[%clk 00:00:34]} {[%emt 00:00:03]}
39. Be1 {[%clk 00:00:03]} {[%emt 00:00:04]} Rxg4 {[%clk 00:00:25]} {[%emt
00:00:11]} 40. Nb2 {[%clk 00:00:00]} {[%emt 00:00:03]} 0-1

[Event "World Youth & Cadets Blitz Championships"]
[Site "Rhodes, Greece"]
[Date "2022.05.03"]
[Round "3.2"]
[White "Subelj, Jan"]
[Black "Can, Isik"]
[Result "0-1"]
[TimeControl "5'/game & 2\"/move"]
[WhiteElo "2328"]
[BlackElo "2130"]

1. e4 {[%clk 00:05:03]} c6 {[%clk 00:05:04]} 2. Nf3 {[%clk 00:05:03]} {[%emt
00:00:02]} d5 {[%clk 00:05:05]} 3. d3 {[%clk 00:05:04]} {[%emt 00:00:01]} dxe4
{[%clk 00:04:56]} {[%emt 00:00:11]} 4. dxe4 {[%clk 00:05:05]} {[%emt 00:00:01]}
Qxd1+ {[%clk 00:04:56]} {[%emt 00:00:03]} 5. Kxd1 {[%clk 00:05:05]} g6 {[%clk
00:04:57]} {[%emt 00:00:01]} 6. Ne5 {[%clk 00:05:00]} {[%emt 00:00:08]} Bg7
{[%clk 00:03:37]} {[%emt 00:01:21]} 7. Nd3 {[%clk 00:05:00]} {[%emt 00:00:02]}
Nd7 {[%clk 00:03:36]} {[%emt 00:00:03]} 8. Nd2 {[%clk 00:04:54]} {[%emt
00:00:08]} Nh6 {[%clk 00:03:08]} {[%emt 00:00:31]} 9. f3 {[%clk 00:04:30]}
{[%emt 00:00:25]} f5 {[%clk 00:03:09]} {[%emt 00:00:01]} 10. c3 {[%clk
00:03:55]} {[%emt 00:00:37]} O-O {[%clk 00:02:47]} {[%emt 00:00:24]} 11. Kc2
{[%clk 00:03:54]} {[%emt 00:00:03]} Nf7 {[%clk 00:02:42]} {[%emt 00:00:07]} 12.
Be2 {[%clk 00:03:43]} {[%emt 00:00:13]} Nf6 {[%clk 00:02:00]} {[%emt 00:00:45]}
13. e5 {[%clk 00:02:36]} {[%emt 00:01:08]} Nd5 {[%clk 00:01:58]} {[%emt
00:00:04]} 14. f4 {[%clk 00:02:36]} {[%emt 00:00:02]} Ne3+ {[%clk 00:01:42]}
{[%emt 00:00:18]} 15. Kb1 {[%clk 00:02:37]} Be6 {[%clk 00:00:31]} {[%emt
00:01:12]} 16. Nf3 {[%clk 00:02:36]} {[%emt 00:00:04]} Nd5 {[%clk 00:00:27]}
{[%emt 00:00:07]} 17. Nd4 {[%clk 00:02:17]} {[%emt 00:00:21]} Bc8 {[%clk
00:00:28]} {[%emt 00:00:01]} 18. Bf3 {[%clk 00:01:58]} {[%emt 00:00:21]} Nc7
{[%clk 00:00:19]} {[%emt 00:00:11]} 19. Be3 {[%clk 00:01:52]} {[%emt 00:00:07]}
Nd8 {[%clk 00:00:20]} 20. Kc2 {[%clk 00:01:48]} {[%emt 00:00:07]} Nde6 {[%clk
00:00:19]} {[%emt 00:00:02]} 21. Ne2 {[%clk 00:01:40]} {[%emt 00:00:10]} Rd8
{[%clk 00:00:19]} {[%emt 00:00:03]} 22. c4 {[%clk 00:01:35]} {[%emt 00:00:07]}
Bd7 {[%clk 00:00:18]} {[%emt 00:00:03]} 23. h4 {[%clk 00:01:31]} {[%emt
00:00:06]} h5 {[%clk 00:00:17]} {[%emt 00:00:03]} 24. g3 {[%clk 00:01:31]}
{[%emt 00:00:02]} b6 {[%clk 00:00:10]} {[%emt 00:00:09]} 25. Nb4 {[%clk
00:00:59]} {[%emt 00:00:33]} Rac8 {[%clk 00:00:04]} {[%emt 00:00:08]} 26. Rhd1
{[%clk 00:00:54]} {[%emt 00:00:08]} c5 {[%clk 00:00:03]} {[%emt 00:00:03]} 27.
Nd5 {[%clk 00:00:52]} {[%emt 00:00:04]} Kf7 {[%clk 00:00:04]} 28. Nec3 {[%clk
00:00:49]} {[%emt 00:00:05]} Bf8 {[%clk 00:00:06]} 29. a3 {[%clk 00:00:43]}
{[%emt 00:00:08]} Bc6 {[%clk 00:00:05]} {[%emt 00:00:03]} 30. Rd3 {[%clk
00:00:12]} {[%emt 00:00:33]} Nd4+ {[%clk 00:00:06]} 31. Bxd4 {[%clk 00:00:12]}
{[%emt 00:00:01]} cxd4 {[%clk 00:00:07]} {[%emt 00:00:02]} 32. Nxc7 {[%clk
00:00:08]} {[%emt 00:00:05]} Bxf3 {[%clk 00:00:05]} {[%emt 00:00:05]} 33. Rxf3
dxc3 {[%clk 00:00:06]} 34. Nb5 {[%clk 00:00:08]} {[%emt 00:00:02]} cxb2 {[%clk
00:00:06]} {[%emt 00:00:03]} 35. Kxb2 {[%clk 00:00:09]} {[%emt 00:00:01]} Rxc4
{[%clk 00:00:05]} {[%emt 00:00:03]} 36. Kb3 {[%clk 00:00:09]} {[%emt 00:00:01]}
Re4 {[%clk 00:00:04]} {[%emt 00:00:04]} 37. Nxa7 {[%clk 00:00:09]} {[%emt
00:00:02]} Rd2 {[%clk 00:00:04]} {[%emt 00:00:02]} 38. Nb5 {[%clk 00:00:09]}
{[%emt 00:00:02]} e6 {[%clk 00:00:04]} {[%emt 00:00:02]} 39. Nc3 {[%clk
00:00:08]} {[%emt 00:00:03]} Red4 {[%clk 00:00:03]} {[%emt 00:00:02]} 40. Re1
{[%clk 00:00:08]} {[%emt 00:00:02]} Bc5 {[%clk 00:00:05]} {[%emt 00:00:01]} 41.
Re2 {[%clk 00:00:08]} {[%emt 00:00:02]} R2d3 {[%clk 00:00:06]} {[%emt
00:00:01]} 42. Ree3 {[%clk 00:00:00]} {[%emt 00:00:08]} 0-1

[Event "World Youth & Cadets Blitz Championships"]
[Site "Rhodes, Greece"]
[Date "2022.05.03"]
[Round "3.3"]
[White "Hercegovac, Neven"]
[Black "Petrovskyi, Vadym"]
[Result "1/2-1/2"]
[TimeControl "5'/game & 2\"/move"]
[WhiteElo "2003"]
[BlackElo "2400"]

1. e4 {[%clk 00:05:02]} {[%emt 00:00:03]} c5 {[%clk 00:05:04]} 2. Nf3 {[%clk
00:05:03]} {[%emt 00:00:02]} d6 {[%clk 00:05:05]} 3. d4 {[%clk 00:05:04]}
{[%emt 00:00:01]} cxd4 {[%clk 00:05:06]} 4. Nxd4 {[%clk 00:05:05]} {[%emt
00:00:01]} Nf6 {[%clk 00:05:07]} {[%emt 00:00:01]} 5. Nc3 {[%clk 00:05:06]} a6
{[%clk 00:05:08]} {[%emt 00:00:01]} 6. g3 {[%clk 00:05:06]} e5 {[%clk
00:05:05]} {[%emt 00:00:06]} 7. Nde2 {[%clk 00:05:07]} {[%emt 00:00:02]} Be7
{[%clk 00:05:00]} {[%emt 00:00:06]} 8. Bg2 {[%clk 00:05:07]} {[%emt 00:00:01]}
O-O {[%clk 00:04:58]} {[%emt 00:00:05]} 9. O-O {[%clk 00:05:08]} {[%emt
00:00:01]} Be6 {[%clk 00:04:51]} {[%emt 00:00:10]} 10. h3 {[%clk 00:05:03]}
{[%emt 00:00:06]} b5 {[%clk 00:04:51]} {[%emt 00:00:03]} 11. g4 {[%clk
00:05:02]} {[%emt 00:00:03]} Nbd7 {[%emt 00:00:09]} 12. Ng3 {[%clk 00:05:02]}
Nb6 {[%clk 00:04:41]} {[%emt 00:00:06]} 13. Nd5 {[%clk 00:04:52]} {[%emt
00:00:11]} Nfxd5 {[%clk 00:04:19]} {[%emt 00:00:24]} 14. exd5 {[%clk 00:04:53]}
{[%emt 00:00:01]} Bd7 {[%clk 00:04:20]} {[%emt 00:00:01]} 15. Be3 {[%clk
00:04:10]} {[%emt 00:00:45]} Nc4 {[%clk 00:03:41]} {[%emt 00:00:41]} 16. Bc1
{[%clk 00:04:10]} {[%emt 00:00:03]} g6 {[%clk 00:03:16]} {[%emt 00:00:26]} 17.
b3 {[%clk 00:04:02]} {[%emt 00:00:11]} Nb6 {[%clk 00:03:17]} 18. Bh6 {[%clk
00:03:57]} {[%emt 00:00:08]} Re8 {[%clk 00:03:18]} {[%emt 00:00:01]} 19. Rc1
{[%clk 00:03:25]} {[%emt 00:00:34]} Bg5 {[%clk 00:03:03]} {[%emt 00:00:17]} 20.
Bxg5 {[%clk 00:03:21]} {[%emt 00:00:06]} Qxg5 {[%clk 00:03:04]} {[%emt
00:00:01]} 21. Ne4 {[%clk 00:03:14]} {[%emt 00:00:10]} Qe7 {[%clk 00:02:47]}
{[%emt 00:00:18]} 22. g5 {[%clk 00:03:08]} {[%emt 00:00:07]} Rec8 {[%clk
00:02:46]} {[%emt 00:00:04]} 23. Nf6+ {[%clk 00:03:01]} {[%emt 00:00:09]} Kg7
{[%clk 00:02:45]} {[%emt 00:00:02]} 24. f4 {[%clk 00:02:27]} {[%emt 00:00:37]}
Bf5 {[%clk 00:02:46]} {[%emt 00:00:01]} 25. fxe5 {[%clk 00:02:21]} {[%emt
00:00:08]} Qxe5 {[%clk 00:02:47]} {[%emt 00:00:01]} 26. Qd2 {[%clk 00:01:57]}
{[%emt 00:00:26]} Rc7 {[%clk 00:02:02]} {[%emt 00:00:46]} 27. Rfe1 {[%clk
00:01:32]} {[%emt 00:00:28]} Qc3 {[%clk 00:02:02]} {[%emt 00:00:02]} 28. Qf2
{[%clk 00:01:02]} {[%emt 00:00:31]} Rc5 {[%clk 00:01:41]} {[%emt 00:00:24]} 29.
Ne8+ {[%clk 00:00:56]} {[%emt 00:00:08]} Rxe8 {[%clk 00:01:37]} {[%emt
00:00:06]} 30. Rxe8 {[%clk 00:00:56]} Nxd5 {[%clk 00:01:38]} {[%emt 00:00:01]}
31. Re2 {[%clk 00:00:39]} {[%emt 00:00:19]} Nb4 {[%clk 00:01:36]} {[%emt
00:00:05]} 32. Rf1 {[%clk 00:00:23]} {[%emt 00:00:18]} d5 {[%clk 00:01:30]}
{[%emt 00:00:07]} 33. h4 {[%clk 00:00:17]} {[%emt 00:00:09]} Nxc2 {[%clk
00:01:27]} {[%emt 00:00:05]} 34. h5 {[%clk 00:00:17]} {[%emt 00:00:01]} Kf8
{[%clk 00:01:09]} {[%emt 00:00:21]} 35. h6 {[%clk 00:00:15]} {[%emt 00:00:04]}
d4 {[%clk 00:00:52]} {[%emt 00:00:19]} 36. Rxc2 {[%clk 00:00:10]} {[%emt
00:00:07]} Qxc2 {[%clk 00:00:46]} {[%emt 00:00:08]} 37. Qxd4 {[%clk 00:00:11]}
Rc8 {[%clk 00:00:28]} {[%emt 00:00:20]} 38. Qh8+ {[%clk 00:00:12]} {[%emt
00:00:01]} Ke7 {[%clk 00:00:29]} {[%emt 00:00:01]} 39. Qf6+ {[%clk 00:00:13]}
Kf8 {[%clk 00:00:25]} {[%emt 00:00:04]} 40. Qh8+ {[%clk 00:00:14]} {[%emt
00:00:02]} Ke7 {[%clk 00:00:27]} 41. Qf6+ {[%clk 00:00:15]} Kf8 {[%clk
00:00:20]} {[%emt 00:00:09]} 1/2-1/2